Európu liberalizovať, či politizovať
Spracovanie prednášky Václava Klausa z 12. novembra 2002 v Bratislave, na tému "Stredná Európa a rozširovanie Európskej únie". Jeho pohľad na mieru integrácie, na záujmy členských a kandidátskych krajín, na výhodnosť menovej únie a na mieru úplnosti členstva v EÚ.
Enregistré dans:
| Auteur principal: | |
|---|---|
| Format: | Chapitre de livre |
| Langue: | slovaque |
| Sujets: | |
| Tags: |
Pas de tags, Soyez le premier à ajouter un tag!
|
MARC
| LEADER | 00000naa a2200000 4500 | ||
|---|---|---|---|
| 001 | r046967 | ||
| 005 | 20230925130447.2 | ||
| 041 | 0 | |a slo | |
| 044 | |a SK | ||
| 245 | 1 | 0 | |a Európu liberalizovať, či politizovať |c Ivan Podstupka |
| 520 | |a Spracovanie prednášky Václava Klausa z 12. novembra 2002 v Bratislave, na tému "Stredná Európa a rozširovanie Európskej únie". Jeho pohľad na mieru integrácie, na záujmy členských a kandidátskych krajín, na výhodnosť menovej únie a na mieru úplnosti členstva v EÚ. | ||
| 610 | 2 | 0 | |a integrácia ekonomická medzinárodná |
| 610 | 2 | 0 | |a vzťahy hospodárske medzinárodné |
| 610 | 2 | 0 | |a únie menové |
| 610 | 2 | 0 | |a stredná Európa |
| 610 | 2 | 0 | |a Európska únia |
| 100 | 1 | |a Podstupka, Ivan | |